Normal view MARC view
  • Soni S

Entry Personal Name

Number of records used in: 4

001 - CONTROL NUMBER

  • control field: 211652

003 - CONTROL NUMBER IDENTIFIER

  • control field: OSt

005 - DATE AND TIME OF LATEST TRANSACTION

  • control field: 20250319151701.0

008 - FIXED-LENGTH DATA ELEMENTS

  • fixed length control field: 250319|| aca||aabn | a|a d

040 ## - CATALOGING SOURCE

  • Original cataloging agency: OSt
  • Transcribing agency: OSt

100 ## - HEADING--PERSONAL NAME

  • Personal name: Soni S

670 ## - SOURCE DATA FOUND

  • Source citation: Work cat.: (OSt)365611: Soni S., भारताची उज्ज्वल विज्ञान परंपरा, 2024